000 00203nam a2200097Ia 4500
008 220204s9999 xx 000 0 und d
082 _a82-3
_bWHI
100 _aPatrick
245 0 _aCockatoos
942 _cBK
999 _c33049
_d33049